00784nam a2200229 a 450000100100000000500170001000800410002702000150006804000250008308200150010810000280012324500560015126000360020730000370024365000340028065000360031465000450035065000320039504900090042795201010043699900170053700001937720200929170011.0100628s2000 sp ac 000 0 spa d a8497645790 aDO-SdBNPbspacBNPHU a770bM294e1 aMcwhinnie, Ailsa94162410aManual esencial de fotografía /cAilsa Mcwhinnie. aMadrid :bEdimat Libros,c2000. a222 p. :bil. ; retrs. ;c28 cm. 4aFotografíaxManuales941625 4aCámaras fotográficas941626 4aFotografíaxEquipo y accesorios941627 4aFotografía digital941628 aBNPD 001050718MOaRbRcCTd2010-06-28iLF1l0o770 M294ep19377-10r2020-06-25w2020-06-25y1Z01 c18894d18894